La filosofía del caos /

Bibliographic Details
Main Author: Huamán, Ronald (Author)
Format: Electronic eBook
Language:Spanish
Published: Tarma, Junín, Perú : Zafiro, [2020]
Edition:Primera edición digital.
Subjects:
Online Access:Digitalia Hispánica

MARC

LEADER 00000nam a2200000 i 4500
001 DIGEDQUIM0024
003 NyNyDIG
007 cr |||||||||||
008 241108s2020 pe o 000 f spa d
006 m o d
035 |a (OCoLC)1472054313 
040 |a DGITA  |b eng  |e rda  |e pn  |c DGITA 
020 |a 9786124788055 
050 1 4 |a PQ8498.418.U1557 ebook 
100 1 |a Huamán, Ronald,  |e author. 
245 1 3 |a La filosofía del caos /  |c Ronald Huamán. 
250 |a Primera edición digital. 
264 1 |a Tarma, Junín, Perú :  |b Zafiro,  |c [2020] 
300 |a 1 online resource. 
336 |a text  |b txt  |2 rdacontent 
337 |a computer  |b c  |2 rdamedia 
338 |a online resource  |b cr  |2 rdacarrier 
347 |a text file  |2 rdaft 
347 |b EPUB 
588 0 |a Online resource; title from ePub title page (Digitalia, viewed November 8, 2024) 
655 7 |a Fiction.  |2 lcgft 
791 2 |a Digitalia (Firm),  |e distributor. 
793 0 |g Digitalia eBook Collection:  |a Grupo Editorial Quimérica 
856 4 0 |3 Digitalia Hispánica  |u https://www.digitaliapublishing.com/a/160496/ 
910 |a Premium collection: 2024